Central Library and Information Centre
Sibsagar Girls' College, Sivasagar : Assam

BOTANY FOR DEGREE STUDENTS (Record no. 8024)

MARC details
000 -LEADER
fixed length control field 00392cam a2200169ua 4500
008 - FIXED-LENGTH DATA ELEMENTS--GENERAL INFORMATION
fixed length control field 120105n1996 II |||gr||||Z||||||eng
040 ## - CATALOGING SOURCE
Original cataloging agency MAIN
041 ## - LANGUAGE CODE
-- English
082 ## - DEWEY DECIMAL CLASSIFICATION NUMBER
Classification number 580 DUT
100 ## - MAIN ENTRY--PERSONAL NAME
Personal name DUTTA, A. C.
245 ## - TITLE STATEMENT
Title BOTANY FOR DEGREE STUDENTS
260 ## - PUBLICATION, DISTRIBUTION, ETC.
Place of publication, distribution, etc. NEW DELHI
Name of publisher, distributor, etc. S.CHAND & COMPANY
Date of publication, distribution, etc. 1996
300 ## - PHYSICAL DESCRIPTION
Extent 708:
Dimensions 25CM.
942 ## - ADDED ENTRY ELEMENTS (KOHA)
Koha item type Books
653 ## - INDEX TERM--UNCONTROLLED
Uncontrolled term Plants (Botany)
Holdings
Withdrawn status Lost status Damaged status Not for loan Collection code Home library Current library Shelving location Date acquired Total Checkouts Full call number Barcode Date last seen Date last checked out Copy number Price effective from Koha item type Public note
        REFBOT Central Library and Information Centre Sibsagar Girls College Central Library and Information Centre Sibsagar Girls College BOTANY BOOK RACK 23.06.1998 2 580 DUT 15370 12.11.2022 21.10.2022 1 27.02.2020 Books V
        REFBOT Central Library and Information Centre Sibsagar Girls College Central Library and Information Centre Sibsagar Girls College BOTANY BOOK RACK 23.06.1998 2 580 DUT 15371 14.12.2022 14.12.2022 2 27.02.2020 Books V


Sibsagar Girl's College © 2020. All rights reserved.
Powered by Koha.
Maintained by Abhijit Borpuzari.